<?xml version="1.0" encoding="UTF-8"?>
<record
    xmlns:xsi="http://www.w3.org/2001/XMLSchema-instance"
    xsi:schemaLocation="http://www.loc.gov/MARC21/slim http://www.loc.gov/standards/marcxml/schema/MARC21slim.xsd"
    xmlns="http://www.loc.gov/MARC21/slim">

  <leader>00196nam a2200085   4500</leader>
  <controlfield tag="001">1244687</controlfield>
  <controlfield tag="005">20251023095240.0</controlfield>
  <datafield tag="245" ind1=" " ind2=" ">
    <subfield code="a">YA&#x15E;LI KADIN VE PAPA&#x11E;AN</subfield>
    <subfield code="c">V&#x130;RG&#x130;N&#x130;A WOOLF</subfield>
  </datafield>
  <datafield tag="260" ind1=" " ind2=" ">
    <subfield code="b">S&#x130;A K&#x130;TAP</subfield>
  </datafield>
  <datafield tag="999" ind1=" " ind2=" ">
    <subfield code="c">1244687</subfield>
    <subfield code="d">1244687</subfield>
  </datafield>
  <datafield tag="952" ind1=" " ind2=" ">
    <subfield code="0">0</subfield>
    <subfield code="1">0</subfield>
    <subfield code="2">ddc</subfield>
    <subfield code="4">0</subfield>
    <subfield code="7">0</subfield>
    <subfield code="a">1061</subfield>
    <subfield code="b">1061</subfield>
    <subfield code="d">2025-10-23</subfield>
    <subfield code="l">6</subfield>
    <subfield code="o">R 4</subfield>
    <subfield code="p">1061286024</subfield>
    <subfield code="q">2025-12-31</subfield>
    <subfield code="r">2025-12-16 11:26:39</subfield>
    <subfield code="s">2025-12-16</subfield>
    <subfield code="w">2025-10-23</subfield>
    <subfield code="y">BK</subfield>
  </datafield>
</record>
